000 004200000a22001810004500
999 _c48695
_d48695
001 1535
003 CO-MdFUSB
005 20171031180344.0
008 171031b xxu||||| |||| 00| 0 eng d
020 _a958-704-146-1
040 _cCO-MdBIC
082 0 4 _a868HC D137b
100 1 _aDahl, Roald
245 1 0 _aBoy (relatos de infancia) / Roald Dahl
260 _aBogotá : Alfaguara
300 _a190 P
942 _cLGB